Curso de psiquiatría : abril-junio 1943 / Diputación Provincial de Barcelona abril-junio 1943 / Diputación Provincial de Barcelona
Descripción Física:
[5] p. ; 21'5 cm
Materias:
Psiquiatria -- Ensenyament
MARC
| LEADER | 00000nam a2200000Ia 4500 | ||
|---|---|---|---|
| 001 | 9019 | ||
| 008 | 160829s1943 xx 000 0 cat d | ||
| 080 | |a FU-9-54 | ||
| 245 | |a Curso de psiquiatría : |b abril-junio 1943 / Diputación Provincial de Barcelona | ||
| 260 | |a Barcelona : |b (Imp. Casa Caritat), |c 1943 | ||
| 300 | |a [5] p. ; |c 21'5 cm | ||
| 650 | |a Psiquiatria |x Ensenyament |9 21869 | ||
| 710 | 1 | |a Barcelona (Catalunya : Província). |b Diputació |9 52408 | |
| 856 | 4 | |u https://media.diba.cat/diba/fitxers/arxiu/fulletons/bib_9019_1943_baixa.pdf |y Accés lliure | |
| 856 | 4 | |u https://media.diba.cat/diba/fitxers/arxiu/fulletons/bib_9019_1943_baixa.pdf |y Accés lliure | |
| 901 | |a Arxiu | ||
| 942 | |n 1 |2 udc | ||
| 952 | |0 0 |1 0 |4 0 |6 FU954 |7 1 |9 41888 |a Arxiu |b Arxiu |d 2016-12-01 |l 0 |o FU-9-54 |p 9019 |r 2016-12-01 00:00:00 |w 2016-12-01 |y ARXIU | ||
| 999 | |c 44335 |d 44335 | ||
| 900 | |a bib_9019_1943_baixa.pdf | ||